| 000 | 00609nam a2200229Ia 4500 | ||
|---|---|---|---|
| 008 | 180523s9999 xx 000 0 und d | ||
| 020 | _a978-0-07-108534-2 | ||
| 050 | _aMAIN HD 58.8 | ||
| 050 | _b.P35 2009 | ||
| 100 | _aPalmer, Ian. | ||
| 245 | 0 | _aManaging organizational change : | |
| 245 | 2 | _ba multiple perspective approach / | |
| 245 | 0 | _cIam Palmer, Richard Dunford, Gib Akin. | |
| 250 | _a2nd Edition | ||
| 260 | _aNew York : | ||
| 260 | _bMcGraw-Hill, | ||
| 260 | _c2009 | ||
| 300 | _a413 pages : | ||
| 300 | _c23 cm. | ||
| 500 | _aIncludes index. | ||
| 650 | _aOrganizational change. | ||
| 999 |
_c356929 _d356929 |
||